| 000 | 00839ngm a22002530a 4500 | ||
|---|---|---|---|
| 001 | PT19070 | ||
| 003 | AR-LpoUNG | ||
| 005 | 20210202000256.0 | ||
| 007 | vd cvaizq | ||
| 008 | 191001s1988||||ag |||||||||||||||||eng d | ||
| 040 |
_aAR-LpoUNG _bspa _cAR-LpoUNG _eaacr |
||
| 041 |
_aeng _aspa |
||
| 044 | _aag | ||
| 082 | 0 | _a232.4 423ult | |
| 100 | 1 | _aScorsese, Martín | |
| 245 | 1 | 3 | _aLa última tentación de Cristo |
| 260 |
_aBuenos Aires : _bCultural Video, _c1988. |
||
| 300 | _aVHS (107 min.) : son., col. | ||
| 520 | _aUna versión ficticia de lo que pudo ser la vida del Cristo si el carácter divino no hubiese sido tan claro como su lado humano. Una visión muy sui generis del aspecto hombre en Jesús, con dudas, miedos e incluso pecados. | ||
| 650 | 4 | _aRELIGION | |
| 653 | _aVIDEOS | ||
| 905 | _a19070 | ||
| 942 | _cVIDEO | ||
| 999 |
_c54508 _d54508 |
||